|
|
|
|
| LEADER |
03208nam a2200745 4500 |
| 001 |
ocn841170135 |
| 003 |
OCoLC |
| 005 |
20170124071236.3 |
| 006 |
m o d |
| 007 |
cr cn||||||||| |
| 008 |
130410s2013 njuad ob 001 0 eng d |
| 040 |
|
|
|a E7B
|b eng
|e pn
|c E7B
|d OCLCQ
|d OCLCO
|d CUS
|d OCLCF
|d CAUOI
|d DEBBG
|d HLS
|d Z5A
|d CNSPO
|d B24X7
|d YDXCP
|d CDX
|d IDEBK
|d DG1
|d OCLCQ
|d COO
|d EBLCP
|d N$T
|d DEBSZ
|d GrThAP
|
| 019 |
|
|
|a 836404738
|a 842412701
|a 855208967
|a 960306094
|a 961672217
|a 962593332
|
| 020 |
|
|
|a 9781118330081
|q (ebk)
|
| 020 |
|
|
|a 1118330080
|q (ebk)
|
| 020 |
|
|
|a 9781118332825
|q (ebk)
|
| 020 |
|
|
|a 1118332822
|q (ebk)
|
| 020 |
|
|
|a 9781118334485
|q (ebk)
|
| 020 |
|
|
|a 1118334485
|q (ebk)
|
| 020 |
|
|
|a 9781118519752
|q (ebk)
|
| 020 |
|
|
|a 1118519752
|q (ebk)
|
| 020 |
|
|
|a 9781118519769
|q (ebk)
|
| 020 |
|
|
|a 1118519760
|q (ebk)
|
| 020 |
|
|
|a 9781118671627
|
| 020 |
|
|
|a 1118671627
|
| 020 |
|
|
|a 9781299449152
|q (MyiLibrary)
|
| 020 |
|
|
|a 1299449158
|q (MyiLibrary)
|
| 020 |
|
|
|z 9780470900376
|q (Cloth)
|
| 020 |
|
|
|z 0470900377
|q (Cloth)
|
| 029 |
1 |
|
|a AU@
|b 000051628918
|
| 029 |
1 |
|
|a AU@
|b 000053031200
|
| 029 |
1 |
|
|a CHBIS
|b 010026720
|
| 029 |
1 |
|
|a CHVBK
|b 306233312
|
| 029 |
1 |
|
|a DEBBG
|b BV041393646
|
| 029 |
1 |
|
|a DKDLA
|b 820120-katalog:000651956
|
| 029 |
1 |
|
|a GBVCP
|b 790207281
|
| 029 |
1 |
|
|a NZ1
|b 14927126
|
| 029 |
1 |
|
|a NZ1
|b 15291048
|
| 029 |
1 |
|
|a NZ1
|b 15341788
|
| 029 |
1 |
|
|a DEBSZ
|b 431373140
|
| 029 |
1 |
|
|a GBVCP
|b 863146341
|
| 035 |
|
|
|a (OCoLC)841170135
|z (OCoLC)836404738
|z (OCoLC)842412701
|z (OCoLC)855208967
|z (OCoLC)960306094
|z (OCoLC)961672217
|z (OCoLC)962593332
|
| 037 |
|
|
|a 476165
|b MIL
|
| 050 |
|
4 |
|a QC327
|b .B45 2013eb
|
| 072 |
|
7 |
|a TEC
|2 eflch
|
| 072 |
|
7 |
|a TEC
|x 009070
|2 bisacsh
|
| 082 |
0 |
4 |
|a 621.402/25
|2 22
|
| 049 |
|
|
|a MAIN
|
| 100 |
1 |
|
|a Bejan, Adrian,
|d 1948-
|
| 245 |
1 |
0 |
|a Convection heat transfer /
|c Adrian Bejan.
|
| 250 |
|
|
|a 4th ed.
|
| 264 |
|
1 |
|a Hoboken, N.J. :
|b Wiley,
|c 2013.
|
| 300 |
|
|
|a 1 online resource (xxxiii, 658 pages) :
|b illustrations
|
| 336 |
|
|
|a text
|b txt
|2 rdacontent
|
| 337 |
|
|
|a computer
|b c
|2 rdamedia
|
| 338 |
|
|
|a online resource
|b cr
|2 rdacarrier
|
| 504 |
|
|
|a Includes bibliographical references and indexes.
|
| 505 |
0 |
|
|a Frontmatter -- Fundamental principles -- Laminar boundary layer flow -- Laminar duct flow -- External natural convection -- Internal natural convection -- Transition to turbulence -- Turbulent boundary layer flow -- Turbulent duct flow -- Free turbulent flows -- Convection with change of phase -- Mass transfer -- Convection in porous media -- Appendixes. A: Constants and conversion factors -- B: Properties of solids -- C: Properties of liquids -- D: Properties of gases -- E: Mathematical formulas -- Author index -- Subject index.
|
| 650 |
|
0 |
|a Heat
|x Convection.
|
| 650 |
|
7 |
|a Heat
|x Convection.
|2 fast
|0 (OCoLC)fst00953790
|
| 650 |
|
7 |
|a TECHNOLOGY & ENGINEERING
|x Mechanical.
|2 bisacsh
|
| 655 |
|
4 |
|a Electronic books.
|
| 776 |
0 |
8 |
|i Print version:
|a Bejan, Adrian, 1948-
|t Convection heat transfer.
|b Fourth edition.
|d Hoboken, New Jersey : Wiley, [2013]
|z 9780470900376
|w (DLC) 2014378849
|w (OCoLC)827267002
|
| 856 |
4 |
0 |
|u https://doi.org/10.1002/9781118671627
|z Full Text via HEAL-Link
|
| 994 |
|
|
|a 92
|b DG1
|